| Поле | Инд. | ПП | Название | Значение |
|---|---|---|---|---|
| Тип записи | a | |||
| Библиографический уровень | m | |||
| 001 | Контрольный номер | RU/IS/BASE/603975804 | ||
| 005 | Дата корректировки | 20220802161548.9 | ||
| 020 | a | ISBN | 978-5-4461-0790-2 | |
| 040 | b | Код языка каталог. | rus | |
| 041 | 0_ | a | Код языка текста | rus |
| 080 | a | Индекс УДК | 339.138(075.8) | |
| 084 | a | Индекс другой классификации/Индекс ББК | 65.291.3я73 | |
| 090 | a | Полочн. индекс | 65 | |
| x | Авторский знак | М26 | ||
| 097 | b | Оператор | 02 | |
| 245 | 10 | a | Заглавие | Маркетинг: освоение профессии |
| b | Продолж. заглавия | учебник | ||
| c | Ответственность | под ред. Г. Л. Азоева | ||
| 260 | a | Место издания | Санкт-Петербург | |
| b | Издательство | Питер | ||
| c | Дата издания | 2018 | ||
| 300 | a | Объем | 544 с. | |
| b | Иллюстрации/ тип воспроизводства | ил. | ||
| 440 | _0 | a | Серия | Учебник для вузов |
| 440 | _0 | a | Серия | Стандарт нового поколения |
| 510 | 0_ | a | Примечание о ссылках | Книги и методические пособия |
| 650 | 04 | a | Основная рубрика | 72.75 Организация и управление внешней торговли |
| x | Основная подрубрика | 72.75.39 Маркетинг | ||
| 650 | 14 | a | Основная рубрика | 72.01 Общие вопросы внешней торговли |
| x | Основная подрубрика | 72.01.33 Терминология. Справочная литература. Учебная литература | ||
| 653 | 0_ | a | Ключевые слова | маркетинг; бизнес; экономика |
| 901 | t | Тип документа | m |